La casa de los primates / (Registro nro. 10482)

Detalles MARC
000 -LIDER
fixed length control field 00978nam a22003137a 4500
003 - IDENTIFICACDOR DE NÚMERO DE CONTROL
control field DO-SdBPM
005 - DATE AND TIME OF LATEST TRANSACTION
control field 20250605084504.0
008 - ELEMENTOS DE LONGITUD FIJA
fixed length control field 160622b2010 sp 00| 0 spa d
020 ## - ISBN
International Standard Book Number 9788483652381
040 ## - FUENTE DE CATALOGACIÓN
Agencia que crea de manera original el registro DO-SdBPM
Idioma de catalogación spa
Agencia que realiza la transcripción BPMSU
Convenciones de la despripción rda
082 #4 - NÚMERO DE CLASIFICACIÓN DECIMAL DE DEWEY
Classification number 813
Item number B863c 2011
Edition number 22
100 1# - ASIENTO PRINCIPAL -- NOMBRE PERSONAL
Nombre personal Gruen, Sara
Mención de responsabilidad autora
245 13 - MENCIÓN DE TITULO
Título La casa de los primates /
Mención de responsabilidad Sara Gruen ; traducción Eva Carballeira
264 ## - PRODUCTION, PUBLICATION, DISTRIBUTION, MANUFACTURE, AND COPYRIGHT NOTICE
Place of production, publication, distribution, manufacture Madrid :
Name of producer, publisher, distributor, manufacturer Santillana,
Date of production, publication, distribution, manufacture, or copyright notice 2011.
300 ## - DESCRIPCIÓN FÍSICA
Extensión 487 páginas ;
Dimensiones 23 cm.
336 ## - CONTENT TYPE
Content type term texto
Content type code txt
Source rdacontent
337 ## - MEDIA TYPE
Media type term sin mediacion
Media type code bn
Source rdamedia
338 ## - CARRIER TYPE
Carrier type term volumen
Carrier type code nc
490 0# - MENCIÓN DE SERIES
Mención de serie Suma de letras
534 ## - NOTA SOBRE LA VERSIÓN ORIGINAL
Frase introductoria Título original:
Mención del título original Ape House.
590 ## - NOTA LOCAL
Texto de la nota local Inventariado, 2025/VM
650 #7 - ENCABEZAMIENTO DE MATERIA--TEMÁTICO
Término temático o nombre geográfico como elemento de entrada Novela estadounidenses
650 #7 - ENCABEZAMIENTO DE MATERIA--TEMÁTICO
Término temático o nombre geográfico como elemento de entrada Científicos
Subdivisión de forma Novela.
650 #7 - ENCABEZAMIENTO DE MATERIA--TEMÁTICO
Término temático o nombre geográfico como elemento de entrada Simios
Subdivisión de forma Novela
650 #7 - ENCABEZAMIENTO DE MATERIA--TEMÁTICO
Término temático o nombre geográfico como elemento de entrada Comunicación humano-animal
Subdivisión de forma Novela.
700 1# - ASIENTO SECUNDARIO -- NOMBRE PERSONAL
Nombre personal Caballeira, Eva,
Mención de responsabilidad traductor
910 ## - VALIDACIÓN
Validación VMateo V. Control de calidad. BPMSU
942 ## - ADDED ENTRY ELEMENTS (KOHA)
Source of classification or shelving scheme Dewey Decimal Classification
Koha item type Libros
Existencias
Withdrawn status Lost status Source of classification or shelving scheme Damaged status Not for loan Collection code Home library Current library Date acquired Source of acquisition Total Checkouts Full call number Barcode Date last seen Price effective from Koha item type Copy number
    Dewey Decimal Classification     Colección General Biblioteca Pública Metropolitana Salomé Ureña Biblioteca Pública Metropolitana Salomé Ureña 06/22/2016 SANTILLANA   BPMSU CG 813 B863c 2011 BPMSU16060310 06/22/2016 06/22/2016 Libros  
    Dewey Decimal Classification     Colección General Biblioteca Pública Metropolitana Salomé Ureña Biblioteca Pública Metropolitana Salomé Ureña 06/22/2016 SANTILLANA   BPMSU CG 813 B863c 2011 BPMSU16060311 06/22/2016 06/22/2016 Libros e.2
    Dewey Decimal Classification     Colección General Biblioteca Pública Metropolitana Salomé Ureña Biblioteca Pública Metropolitana Salomé Ureña 09/14/2016 SANTILLANA   BPMSU CG 813 B863c 2011 BPMSU16090295 09/14/2016 09/14/2016 Libros e.3